000 00521nam a2200193Ia 4500
003 GCL
008 140319s9999 xx 000 0 ara d
040 _aGCL /
_cGCL
082 0 4 _a189.9
_bم ت
100 1 _aمحمد اقبال
245 1 0 _aتجديد التفكير الدينى والاسلامى /
_cمحمد اقبال
700 1 _aعباس محمود
300 _a227 ص
490 _aكتاب
_v0
650 0 4 _aالاسلام
650 0 4 _aالفلسفة
650 0 4 _aالديانات
942 _2ddc
_cBK
999 _c40903
_d40903